000 00630nam a2200241 i 4500
001 C2-0097505
003 PPAK
005 20180727094108.0
008 970525s1993 my |||| ||||| | may d
020 _a9836237925
040 _aPPAK
_beng
_cPPAK
_erda
082 0 4 _a823
_223
090 0 0 _a823
_bSOX
_dG
100 1 _aSoxyinka, Wole,
_eauthor
245 1 0 _aPertentangan
264 1 _aKuala Lumpur :
_bDewan Bahasa dan Pustaka ,
_c1993
300 _axviii, 494 pages ;
_c19 cm
336 _2rdacontent
_atext
337 _2rdamedia
_aunmediated
338 _2rdacarrier
_avolume
650 1 0 _aMalay fiction
942 _ddc
_cB
999 _c21390
_d21390